| 000 | 00504nam a2200193Ia 4500 | ||
|---|---|---|---|
| 003 | GCL | ||
| 008 | 140319s9999 xx 000 0 eng d | ||
| 040 |
_aGCL / _cGCL |
||
| 082 | 0 | 4 |
_a724.19 _bC B |
| 100 | 1 | _aCHARPENTRAT, PIRRE | |
| 245 | 1 | 0 |
_aBAROQUE: ITALY AND CENTRAL EUROPE / _cCHARPENTRAT, PIRRE |
| 700 | 1 | _aSTIERLIN, HENRI | |
| 260 |
_a[S.N] : _bBENEDIKT TASCHEN |
||
| 300 | _a192 P | ||
| 490 |
_aARCHITECTURE OF THE WORLD _v0 |
||
| 650 | 0 | 4 | _aARTS |
| 650 | 0 | 4 | _aARCHITECTURE |
| 942 |
_2ddc _cBK |
||
| 999 |
_c22213 _d22213 |
||